000 01412nam a2200385 a 4500
001 20956
003 VRT
005 20260207114352.0
008 130315s1947 xo slo c
035 _aa000473194
039 9 _a201303151803
_bpecivova
040 _aSNK
_bslo
_cUKB
_dUKB
041 1 _aslo
044 _axo
_cSK
080 _a885.4-2
_21. stred., slo
100 1 _aVansová, Terézia,
_d1857-1942
_4aut
245 1 0 _aSvedomie
_bhra v 5 dejstvách
_cTerézia Vansová
250 _a5. vyd.
260 _aTurčiansky Sv. Martin
_bÚstredie slovenských ochotníckych divadiel v nakl. Matice slovenskej
_c1947
_eTurčiansky Sv. Martin
_fNeografia
300 _a82, [1] s.
490 1 _aDivadelná knižnica
_vsv. 42
650 0 7 _aslovenské drámy
655 7 _aumelecká literatúra
_2SNKPH
830 0 _aDivadelná knižnica
_vsv. 42
910 _aukb
942 _2ddc
_cKLDO
_n0
949 _61800573082
_a22.G.00353
_bRF.2323-65
949 _61800573083
_aS.G.09817
_bPV.859-47
999 _c20956
_d20956